000 00334 a2200157 4500
001 73619
020 _a
040 _cAnchieta - Colégio São Paulo
100 _aFonseca, João Justiniano da
240 1 0 _aGrilagem
_lpor
245 1 0 _aGrilagem
300 _a185
362 0 _a1991
650 4 _aFicção brasileira
942 _cBK
999 _c73619
_d73619